000
00179nam a22000857a 4500
001
1237612
005
20251003113317.0
245
_a
PİCASSO
_c
EVA BARGALLO
260
_b
ALTIN KİTAPLAR
999
_c
1237612
_d
1237612